| 000 | 00686nam a22001817a 4500 | ||
|---|---|---|---|
| 999 |
_c11728 _d11728 |
||
| 003 | AR-CdUCM | ||
| 008 | 190404b ||||| |||| 00| 0 spa d | ||
| 040 |
_aMUNICIPALIDAD PROVINCIAL DEL CUSCO _cBIBLIOTECA MUNICIPAL DEL CUSCO |
||
| 082 |
_24ed. _a930 / _bS18 / 1889 |
||
| 100 |
_aSalazar, Manuel M. _929221 |
||
| 245 |
_aCompendio de la historia antigua : _bpara los colegios de instrucción media / |
||
| 260 |
_aLima : _bBenito Gil, _c1889. |
||
| 300 |
_a173 páginas ; _c15 cm. |
||
| 505 | _aContenido: Cronología histórica -- Geografía de la historia -- Tiempos primitivos -- La India ... | ||
| 650 |
_aHistoria antigua _92710 |
||
| 942 |
_2ddc _cLIBROS |
||
| 945 |
_aacv _d04/04/2019 |
||